00661nam a2200229 a 4500001001300000003000900013005001700022008004100039020002300080082001300103100001700116245004300133260004300176300001000219500003500229650001200264700001700276902000800293942000700301952010600308999001700414nice12345678IN_TiNIC20260116014915.0140910s2009 newa grp 000 0 eng  a9788188951543c17500a823bGOR aGorky, Maxim aMotherb The Great Revolutionary Novel aNew Delhi bPenguin Books India c2009 a375p  aincludes index and biblioraphy aFiction1 aGorky, Maxim bSRS cBK 00104070aHMIbHMId2005-01-01g175.00l1o823 GORp024598r2017-12-14s2017-12-05w2026-01-16yBK c17489d17489